Регионална библиотека "Любен Каравелов" - Русе

Ракът (Запис номер 134205)

MARC детайли
000 -Лидер
Контролно поле с фиксирана дължина 01716nam a2200433 c 4500
003 - Код на организацията, давaща контролен номер
Контролно поле BLK
005 - Дата и час на последна редакция
Контролно поле 20241109155214.0
008 - Елементи от данни с фиксирана дължина
fixed length control field 180409b bul|||||r ||||||| ||bul||
010 ## - Наследен системен номер
LC control number KNG00140112000
020 ## - Международен стандартен номер на книга ISBN
Международен стандартен номер на книга ISBN 978-619-90036-1-9
040 ## - Източник на каталожния запис
Идентификатор на билиотеката - собственик на записа BLK
041 ## - Код за език
Код за езика на текст/звукозапис или на отделно заглавие Български
Код за езика КДБФ Български
072 #7 - Код за тематичната категория
Код организация bullib
Код за тематична категория Н61
Текст Медицина Н
072 #7 - Код за тематичната категория
Код организация bullib
Код за тематична категория Л01
Текст Заболявания
080 ## - УДК
Текстов определител УДК Злокачествени епителиални тумори. Рак. Карцином. - Плоскоклетъчен рак, цилиндрома, карциносарком и др.
УДК код - определител по УДК 616-006.6
УДК определител (02.062)
УДК - код + определител 616-006.6(02.062)
100 1# - Редна дума - Автор
Автор Болинджър, Тай
Авторска отговорност първи автор
R(LIN) 41113
139 ## - Редно поле
Редна дума Болинджър, Тай
Авторски знак Бол - Б 61
245 10 - Сведения за заглавието
Заглавие Ракът
Подзаглавни данни Да оцелееш извън матрицата
Редно поле (дума) Тай Болинджър; прев. Йорданка Христова.
257 ## - Страна на издаване
Страна на създаване/издаване Съединени американски щати
260 ## - Област на издателските данни
Име на издателя, разпространителя и проч. Елпи-02
Година на издаване 2013
300 ## - Физическа характеристика
Страници 496 с.
Размери/Мащаб 24 см
380 ## - Жанр
Жанр Медицина
500 ## - Общи забележки
Забележка Ориг. загл. Canser Step Outside the Box / Ty Bollinger. - Речник на термините.
650 #4 - Допълнително описание по предмет – тема
Основно описание – тема или топоним Рак - популярна литература
9 (RLIN) 266994
650 #4 - Допълнително описание по предмет – тема
Основно описание – тема или топоним Онкология
9 (RLIN) 164982
653 ## - Ключова дума – ненормативна
Ключова дума рак
653 ## - Ключова дума – ненормативна
Ключова дума карцином
653 ## - Ключова дума – ненормативна
Ключова дума онкологични заболявания
659 ## - Тематичен бюлетин
Тематичен бюлетин Л
659 ## - Тематичен бюлетин
Тематичен бюлетин Н
700 ## - Други автори (авторска отговорност)
Лично име Пенкова, Йорданка Христова
9 (RLIN) 364447
852 ## - Местоположение
Форматна сигнатура Цб 258557
856 4# - Електронен адрес и достъп
Електронен формат pdf - файл
856 4# - Електронен адрес и достъп
Електронен формат pdf - файл
942 ## - АРТИКУЛИ
Вид на библиотечния материал Книги
Скрит в OPAC Не
Koha issues (borrowed), all copies 7
944 ## - СЪЗДАВАНЕ И РЕДАКЦИЯ на ЗАПИСА
Създаване/Редакция Създаване
Дата на регистрацията/редакция 27.02.2013
Статус, дата на статуса Геновева Генчева
Служител, извършил регистрацията/редакцията 30560
944 ## - СЪЗДАВАНЕ И РЕДАКЦИЯ на ЗАПИСА
Създаване/Редакция Редакция
Дата на регистрацията/редакция 13.03.2018
Статус, дата на статуса ф /
Служител, извършил регистрацията/редакцията Виолета_Тройчева
999 ## - СИСТЕМНИ КОНТРОЛНИ НОМЕРА
Koha biblionumber 134205
Koha biblioitemnumber 134205
999 ## - СИСТЕМНИ КОНТРОЛНИ НОМЕРА
Koha biblioitemnumber 134205
Наличности
Код за отписване Код за изгубен артикул Източник на класификационната схема Код за повреда Коз за рестрикции Код за отдаване Артикулен № Име на библиотеката - собственик Име на библиотеката, в която се намира в момента Статус (Текущо местоположение) Дата на вписване в системата Местоположение - отдел Цена в лева Инвентарен номер Систематично азбучна сигнатура Баркод Номер на екземпляра Цена в евро Служебна бележка Служебен тип на артикула
  Не е изгубен Universal Decimal Classification Не е повреден само за читалня ползва се в читалня 219076 Регионална библиотека "Любен Каравелов" Русе Регионална библиотека "Любен Каравелов" Русе Основен фонд - ползва се само за читалня 2013-02-22 Хранилище 20.00 120000764487 Цб 258557 120000764487 1 10.23 Дост: Pk Вид: Ф N: 353 Дата: 22.02.2013 Дата инв: 02.02.2018 Бележки инв: П2018 Книги
  Не е изгубен Universal Decimal Classification Не е повреден без рестрикции заемане за дома 219077 Регионална библиотека "Любен Каравелов" Русе Регионална библиотека "Любен Каравелов" Русе Заемна - подръчен фонд 2013-02-22 Заемна - подръчен фонд 20.00 120000764488 П 616-006/Б 61 120000764488 2 10.23 Дост: Pk Вид: Ф N: 353 Дата: 22.02.2013 Дата инв: 02.02.2018 Бележки инв: П2018 Книги
Vip Innovations Ltd, Rousse, Bulgaria 2025